Countries bigger than Norway - Statistics

General Stats
  • This quiz has been taken 51 times
  • The average score is 54 of 68
Answers on the Map
Answers color-coded by a green-red scale on the quiz's map according to % correct below.
 
Answer Stats
Tot. Area (Km²) Answer % Correct
8,515,767 Brazil
100%
9,984,670 Canada
100%
9,706,961 China
100%
1,964,375 Mexico
100%
17,098,242 Russia
100%
7,692,024 Australia
98%
3,287,590 India
98%
1,221,037 South Africa
98%
9,372,610 USA
98%
551,695 France
95%
357,114 Germany
95%
450,295 Sweden
95%
2,780,400 Argentina
93%
1,002,450 Egypt
93%
338,424 Finland
93%
1,648,195 Iran
93%
2,724,900 Kazakhstan
93%
1,564,110 Mongolia
93%
2,149,690 Saudi Arabia
93%
505,992 Spain
93%
1,904,569 Indonesia
90%
1,267,000 Niger
90%
1,285,216 Peru
90%
2,344,858 DR Congo
88%
783,562 Turkey
88%
603,500 Ukraine
88%
923,768 Nigeria
86%
2,381,741 Algeria
83%
1,284,000 Chad
83%
756,102 Chile
83%
1,141,748 Colombia
83%
377,930 Japan
83%
1,759,540 Libya
83%
1,886,068 Sudan
83%
652,230 Afghanistan
81%
1,104,300 Ethiopia
81%
438,317 Iraq
81%
446,550 Morocco
81%
881,912 Pakistan
81%
1,098,581 Bolivia
79%
637,657 Somalia
79%
945,087 Tanzania
79%
916,445 Venezuela
79%
1,246,700 Angola
76%
587,041 Madagascar
76%
580,367 Kenya
74%
1,240,192 Mali
74%
825,615 Namibia
74%
676,578 Myanmar
71%
619,745 South Sudan
71%
513,120 Thailand
71%
342,000 Congo
69%
447,400 Uzbekistan
69%
331,212 Vietnam
67%
475,442 Cameroon
64%
622,984 Central African Republic
64%
1,030,700 Mauritania
64%
801,590 Mozambique
64%
462,840 Papua New Guinea
64%
582,000 Botswana
62%
752,612 Zambia
60%
390,757 Zimbabwe
60%
342,353 Philippines
57%
488,100 Turkmenistan
57%
527,968 Yemen
57%
330,803 Malaysia
52%
406,752 Paraguay
45%
2,166,086 Greenland
31%
No matching quizzes found
Score Distribution
Percent of People with Each Score
Percentile by Number Answered
Your Score History
You have not taken this quiz